Restrukturyzacja przedsiebiorstw w ocenie ich kadry kierowniczej.
O diskusii 10 poľských zástupcov podnikov o reštrukturalizácii siedmich vybraných priemyselných podnikov strednej veľkosti, ktorým bolo položených 5 otázok, a to v súvislosti so stratégiou rozvoja, aké druhy a procedúry preferujú, aké sú ich časové horizonty a ciele.
Uložené v:
| Hlavný autor: | |
|---|---|
| Médium: | Kapitola |
| Jazyk: | Polish |
| Predmet: | |
| Tagy: |
Žiadne tagy, Buďte prvý, kto otaguje tento záznam!
|
MARC
| LEADER | 00000naa a2200000 4500 | ||
|---|---|---|---|
| 001 | r006221 | ||
| 005 | 20221125122613.9 | ||
| 041 | 0 | |a pol | |
| 044 | |a PL | ||
| 245 | 1 | 0 | |a Restrukturyzacja przedsiebiorstw w ocenie ich kadry kierowniczej. |c B. Pelka |
| 520 | |a O diskusii 10 poľských zástupcov podnikov o reštrukturalizácii siedmich vybraných priemyselných podnikov strednej veľkosti, ktorým bolo položených 5 otázok, a to v súvislosti so stratégiou rozvoja, aké druhy a procedúry preferujú, aké sú ich časové horizonty a ciele. | ||
| 610 | 2 | 0 | |a PR |
| 610 | 2 | 0 | |a podnik priemyselný |
| 610 | 2 | 0 | |a pracovníci vedúci |
| 610 | 2 | 0 | |a stratégia podniková |
| 610 | 2 | 0 | |a zmeny štruktúrne |
| 100 | 1 | |a Pelka, B. | |